000
00255nam a2200109Ia 4500
999
_c
7998
_d
7998
020
_a
978-3030262525
100
_a
Ozsu, Valduriez
245
0
_a
Principles Of Distributed Database Systems
260
_a
USA
_b
McGraw Hill
_c
1992
300
_a
735
942
_c
BK